[Event "Asia-ch Amateur"]
[Site "Dubai"]
[Date "2023.08.31"]
[Round "6"]
[White "Tamura, Hikaru"]
[Black "Hamdan Edrees, Alhamed"]
[Result "1-0"]
[WhiteElo "1890"]
[BlackElo "1731"]
[PlyCount "67"]
[EventDate "2023.08.28"]
[EventType "swiss"]
[EventRounds "9"]
[EventCountry "UAE"]
[SourceTitle "EXT 2024"]
[Source "ChessBase"]
[SourceDate "2023.10.10"]
[SourceVersion "1"]
[SourceVersionDate "2023.10.10"]
[SourceQuality "1"]

1. e4 c5 2. Nf3 e6 3. g3 Nc6 4. Bg2 d5 5. exd5 exd5 6. d4 Bg4 7. 0-0 Bxf3 8. Bxf3 Nxd4 9. Nc3 Nf6 10. Bg5 Be7 11. Bxf6 Bxf6 12. Nxd5 0-0 13. c3 Nc6 14. Bg2 Be5 15. Qe2 g6 16. Qc4 Qd6 17. Rad1 Rfd8 18. Qb5 Rab8 19. Ne3 Qe7 20. Rd5 Rxd5 21. Nxd5 Qf8 22. Qe2 Re8 23. Re1 Re6 24. Qb5 Qc8 25. Bh3 f5 26. Bg2 a6 27. Qb3 Kg7 28. Kf1 Re8 29. f4 b5 30. fxe5 Nxe5 31. Qd1 c4 32. Qd4 Qb8 33. Nb4 Re6 34. Nc6 1-0

[Event "Asia-ch Amateur"]
[Site "Dubai"]
[Date "2023.08.30"]
[Round "4"]
[White "Fooladi, Behrooz"]
[Black "Hamdan Edrees, Alhamed"]
[Result "1-0"]
[WhiteElo "1844"]
[BlackElo "1731"]
[PlyCount "101"]
[EventDate "2023.08.28"]
[EventType "swiss"]
[EventRounds "9"]
[EventCountry "UAE"]
[SourceTitle "EXT 2024"]
[Source "ChessBase"]
[SourceDate "2023.10.10"]
[SourceVersion "1"]
[SourceVersionDate "2023.10.10"]
[SourceQuality "1"]

1. d4 d5 2. c4 dxc4 3. e4 e5 4. Nf3 Nf6 5. Bxc4 Nxe4 6. Nxe5 Bb4+ 7. Kf1 0-0 8. Be3 Bd6 9. Nc3 Nxc3 10. bxc3 Bxe5 11. dxe5 Nc6 12. Qxd8 Rxd8 13. Bg5 Re8 14. f4 Be6 15. Be2 Ne7 16. Kf2 Ng6 17. g3 h6 18. Bh4 Nxh4 19. gxh4 Bd5 20. Rhd1 Rad8 21. Rd2 Bc6 22. Rad1 Rxd2 23. Rxd2 Kf8 24. Bf3 Bxf3 25. Kxf3 Ke7 26. Ke4 c6 27. Rb2 b6 28. Rg2 Kf8 29. Rd2 Ke7 30. Rd6 Rc8 31. h5 Rc7 32. Kf5 Rc8 33. Rd2 Rd8 34. Rxd8 Kxd8 35. Ke4 Kd7 36. f5 Ke7 37. Kd4 Kd7 38. Kc4 a6 39. Kb4 Kc7 40. Kc4 Kd7 41. a4 a5 42. Kd4 Ke7 43. c4 Kd7 44. h3 Kc7 45. h4 Kd7 46. c5 b5 47. axb5 cxb5 48. Kd5 a4 49. e6+ fxe6+ 50. fxe6+ Kc7 51. c6 1-0

[Event "World School-ch U17"]
[Site "Rhodes"]
[Date "2023.04.14"]
[Round "1"]
[White "Tarhan, Adar"]
[Black "Hamdan Edrees, Alhamed"]
[Result "1-0"]
[WhiteElo "2314"]
[BlackElo "1726"]
[PlyCount "67"]
[EventDate "2023.04.14"]
[EventType "swiss"]
[EventRounds "9"]
[EventCountry "GRE"]
[SourceTitle "EXT 2024"]
[Source "ChessBase"]
[SourceDate "2023.10.10"]
[SourceVersion "1"]
[SourceVersionDate "2023.10.10"]
[SourceQuality "1"]

1. e4 c5 2. Nf3 e6 3. d4 cxd4 4. Nxd4 a6 5. Bd3 Bc5 6. Nb3 Be7 7. c4 d6 8. Nc3 Nf6 9. 0-0 0-0 10. f4 Nbd7 11. Qe2 Qc7 12. Bd2 b6 13. Rae1 Bb7 14. e5 Ne8 15. Ne4 g6 16. Bb4 a5 17. Ba3 Nc5 18. exd6 Bxd6 19. Nbxc5 Bxc5+ 20. Nxc5 bxc5 21. Qe5 Rc8 22. Qxc7 Rxc7 23. Re5 Nf6 24. Rxc5 Rxc5 25. Bxc5 Rd8 26. Rd1 Nh5 27. Be3 Be4 28. Bc2 Rxd1+ 29. Bxd1 Nf6 30. Bb6 Bd3 31. c5 Nd7 32. Ba4 Nxb6 33. cxb6 Be4 34. Bd1 1-0

[Event "Abu Dhabi President Cup"]
[Site "Abu Dhabi"]
[Date "2022.12.18"]
[Round "4"]
[White "Mohamed, Saeed Laily"]
[Black "Hamdan Edrees, Alhamed"]
[Result "1-0"]
[WhiteElo "1981"]
[BlackElo "1698"]
[PlyCount "68"]
[EventDate "2022.12.16"]
[EventType "swiss"]
[EventRounds "9"]
[EventCountry "UAE"]
[SourceTitle "CBM 212 Extra"]
[Source "ChessBase"]
[SourceDate "2023.03.31"]
[SourceVersion "1"]
[SourceVersionDate "2023.03.31"]
[SourceQuality "1"]

1. d4 Nf6 2. c4 g6 3. Nc3 Bg7 4. e4 d6 5. Be2 0-0 6. Be3 e5 7. d5 Na6 8. g4 Nc5 9. Bf3 a5 10. h4 Ne8 11. h5 g5 12. h6 Bf6 13. Qd2 Bd7 14. Nh3 Kh8 15. Nxg5 Qe7 16. Nh3 Rg8 17. Rg1 Bh4 18. 0-0-0 Nf6 19. Qe2 c6 20. Rg2 cxd5 21. cxd5 b5 22. Bxc5 dxc5 23. Nxb5 Rab8 24. Nc3 Qf8 25. Rdg1 Qxh6+ 26. g5 Qf8 27. Qa6 Qg7 28. gxf6 Qh6+ 29. Kc2 Rxb2+ 30. Kxb2 Qd2+ 31. Kb1 Rb8+ 32. Nb5 Qb4+ 33. Ka1 Qxb5 34. Qxb5 Bxb5 1-0

[Event "Abu Dhabi President Cup"]
[Site "Abu Dhabi"]
[Date "2022.12.17"]
[Round "2"]
[White "Salem, Ahmed Salem"]
[Black "Hamdan Edrees, Alhamed"]
[Result "0-1"]
[WhiteElo "2053"]
[BlackElo "1698"]
[PlyCount "111"]
[EventDate "2022.12.16"]
[EventType "swiss"]
[EventRounds "9"]
[EventCountry "UAE"]
[SourceTitle "CBM 212 Extra"]
[Source "ChessBase"]
[SourceDate "2023.03.31"]
[SourceVersion "1"]
[SourceVersionDate "2023.03.31"]
[SourceQuality "1"]

1. e4 c5 2. Nf3 e6 3. d4 cxd4 4. Nxd4 a6 5. Nc3 Qc7 6. Bd3 Nf6 7. 0-0 b5 8. Kh1 d6 9. f4 Nbd7 10. a4 b4 11. Nb1 Bb7 12. Qe2 Nc5 13. Nd2 Qb6 14. Nc4 Qa7 15. e5 dxe5 16. fxe5 Nxd3 17. Qxd3 Ne4 18. Be3 Bc5 19. Rf4 Rd8 20. Rd1 Qa8 21. Qe2 0-0 22. Qh5 g6 23. Qh6 Be7 24. Rg4 Qc8 25. b3 Qc5 26. Nd6 Nxd6 27. Nxe6 Qxe5 28. Nxd8 Nf5 29. Qf4 Bxg2+ 30. Rxg2 Qxe3 31. Qxf5 Bxd8 32. Qd3 Qc5 33. Qd6 Qh5 34. Rgd2 Bg5 35. Rd3 Rc8 36. Qxb4 Qe2 37. c3 Re8 38. Qb7 Re4 39. Qxa6 Kg7 40. Qc8 Bd2 41. R3xd2 Qf3+ 42. Kg1 Rg4+ 43. Qxg4 Qxg4+ 44. Kf1 Qf3+ 45. Kg1 Qxc3 46. Rd3 Qb4 47. R1d2 g5 48. a5 Kg6 49. a6 f6 50. Rd6 Qxb3 51. Rf2 Qb1+ 52. Rf1 Qa2 53. Rfxf6+ Kh5 54. Rf2 g4 55. Rf7 g3 56. hxg3 0-1